Central Library OPAC University of Rajshahi

আরব ইতিহাসচর্চার প্রকৃতি, প্রকরণ ও ধারা = Nature, Classification and Trend of Arab Historiography / (Record no. 70666)

MARC details
000 -LEADER
fixed length control field 00973nam a2200229 a 4500
001 - CONTROL NUMBER
control field 70666
003 - CONTROL NUMBER IDENTIFIER
rucl marc code BD-RjUL
005 - DATE AND TIME OF LATEST TRANSACTION
control field 20211209082027.0
008 - FIXED-LENGTH DATA ELEMENTS--GENERAL INFORMATION
fixed length control field 190228s2018 bg a|||| b||| 001 0 ben d
035 ## - SYSTEM CONTROL NUMBER
System control number (BD-RjUL)70880
040 ## - CATALOGING SOURCE
Original cataloging agency BD-RjUL
Language of cataloging eng
Transcribing agency BD-RjUL
041 ## - LANGUAGE CODE
Language code of text/sound track or separate title eng
082 ## - DEWEY DECIMAL CLASSIFICATION NUMBER
Edition number 23
Classification number 956.0072
Author mark and year ESA 2018
100 1# - MAIN ENTRY--PERSONAL NAME
Relator code এছামী, মোঃ শামসুজ্জোহা
245 ## - TITLE STATEMENT
Title আরব ইতিহাসচর্চার প্রকৃতি, প্রকরণ ও ধারা = Nature, Classification and Trend of Arab Historiography /
Statement of responsibility, etc. মো. শামসুজ্জোহা এছামী
260 ## - PUBLICATION, DISTRIBUTION, ETC. (IMPRINT)
Place of publication, distribution, etc. ঢাকা :
Name of publisher, distributor, etc. ফেমাস বুকস,
Date of publication, distribution, etc. ২০১৮
300 ## - PHYSICAL DESCRIPTION
Pagination [১৯] , ২৮৭ পৃ .
Size ২৩ সেমি
500 ## - GENERAL NOTE
General note গ্রন্থপঞ্জি সম্বলিত
650 ## - SUBJECT ADDED ENTRY--TOPICAL TERM
Topical term or geographic name as entry element ইতিহাস-রচনা
9 (RLIN) 209165
Geographic subdivision আরব
Topical term or geographic name as entry element Historiography
Geographic subdivision Arab
9 (RLIN) 228734
942 ## - ADDED ENTRY ELEMENTS (KOHA)
Source of classification or shelving scheme Dewey Decimal Classification
Koha item type Books
Holdings
Lost status Source of classification or shelving scheme Damaged status Not for loan Collection code Permanent Location Current Location Shelving location Date acquired Source of acquisition Cost, normal purchase price Total Checkouts Full call number Date last seen Copy number Koha item type Date checked out
  Dewey Decimal Classification     Non-fiction Central Library, University of Rajshahi Central Library, University of Rajshahi   13/02/2019 Author 350.00   B 956.0072 ESA 2018 28/02/2019 C-1 Books  
  Dewey Decimal Classification     Non-fiction Central Library, University of Rajshahi Central Library, University of Rajshahi   13/02/2019 Author 350.00   B 956.0072 ESA 2018 28/02/2019 C-2 Books  
  Dewey Decimal Classification     Non-fiction Central Library, University of Rajshahi Central Library, University of Rajshahi   13/02/2019 Author 350.00   B 956.0072 ESA 2018 28/02/2019 C-3 Books  
  Dewey Decimal Classification     Non-fiction Central Library, University of Rajshahi Central Library, University of Rajshahi   13/02/2019 Author 350.00   B 956.0072 ESA 2018 28/02/2019 C-4 Books  
  Dewey Decimal Classification     Non-fiction Central Library, University of Rajshahi Central Library, University of Rajshahi   13/02/2019 Author 350.00 1 B 956.0072 ESA 2018 21/03/2019 C-5 Books 10/03/2019